<?xml version="1.0" encoding="UTF-8"?>
<record
    xmlns:xsi="http://www.w3.org/2001/XMLSchema-instance"
    xsi:schemaLocation="http://www.loc.gov/MARC21/slim http://www.loc.gov/standards/marcxml/schema/MARC21slim.xsd"
    xmlns="http://www.loc.gov/MARC21/slim">

  <leader>00443nam a22001217a 4500</leader>
  <controlfield tag="008">180525b        xxu||||| |||| 00| 0 eng d</controlfield>
  <datafield tag="082" ind1=" " ind2=" ">
    <subfield code="a">778.93</subfield>
    <subfield code="b">K62p</subfield>
  </datafield>
  <datafield tag="110" ind1=" " ind2=" ">
    <subfield code="a">Bergen Kj&#xF8;tt</subfield>
    <subfield code="9">6332</subfield>
  </datafield>
  <datafield tag="245" ind1=" " ind2=" ">
    <subfield code="a">Photographic Field Trips - Artists on the Move</subfield>
  </datafield>
  <datafield tag="260" ind1=" " ind2=" ">
    <subfield code="a">Noruega</subfield>
    <subfield code="b">Bergen Kj&#xF8;tt Publishing</subfield>
    <subfield code="c">2017</subfield>
  </datafield>
  <datafield tag="300" ind1=" " ind2=" ">
    <subfield code="a">40 p.</subfield>
    <subfield code="b">ill (col)</subfield>
    <subfield code="c">37 cm.</subfield>
  </datafield>
  <datafield tag="650" ind1=" " ind2=" ">
    <subfield code="2">Arte contempor&#xE1;neo</subfield>
    <subfield code="x">Arte - fotograf&#xED;a </subfield>
    <subfield code="x">Fotograf&#xED;a - Naturaleza</subfield>
    <subfield code="x">Exhibiciones</subfield>
    <subfield code="z">Noruega</subfield>
    <subfield code="9">6333</subfield>
  </datafield>
  <datafield tag="999" ind1=" " ind2=" ">
    <subfield code="c">1467</subfield>
    <subfield code="d">1467</subfield>
  </datafield>
  <datafield tag="952" ind1=" " ind2=" ">
    <subfield code="0">0</subfield>
    <subfield code="1">0</subfield>
    <subfield code="2">ddc</subfield>
    <subfield code="4">0</subfield>
    <subfield code="7">0</subfield>
    <subfield code="a">LV</subfield>
    <subfield code="b">LV</subfield>
    <subfield code="c">Eventos y Bienales</subfield>
    <subfield code="d">2018-05-25</subfield>
    <subfield code="l">0</subfield>
    <subfield code="o">778.93 K62p</subfield>
    <subfield code="p">004604</subfield>
    <subfield code="r">2018-05-25 00:00:00</subfield>
    <subfield code="w">2018-05-25</subfield>
    <subfield code="y">01</subfield>
  </datafield>
</record>
